000 00558nam a2200205 i 4500
001 bg
100 1 _aBYSTREK, Jan
245 1 0 _aPodstawy lichenologii /
_cJan Bystrek.
260 _aLublin :
_bWydaw. Uniwersytetu Marii Curie-Skłodowskiej,
_c1997.
300 _a312 s. :
_b1 faks., fot., mapy, rys. ;
_c24 cm.
504 _aBibliogr. s. 277-291. - Indeks.
650 9 _aPorosty
020 _a8322710577
040 _cBPK
041 0 _apl
080 _a582.29
920 _a83-227-1057-7
942 _cKS
008 s pl f |000 0 pol
999 _c37519
_d37519
856 _uhttp://koha.tu.koszalin.pl/cgi-bin/koha/opac-detail.pl?biblionumber=37519
_yKatalog online BPK